=LDR 00000nam 2200000 4500 =001 INLIS000000000037405 =005 20130612143134 =008 ***********************************Eng** =035 ##$$0010-061300000037405 =041 ##$$a Eng =082 ##$$a 658.4 =090 ##$$a 658.4, Gas g =100 ##$$a Gaspersz, Vincent =245 ##$$a Ge way and malcolm baldrige cretekia for per formance excellence, Vincent Gaspersz =260 ##$$a 2007 $b Jakarta =300 ##$$a xi,506 hlm, 22,5 cm =650 ##$$a Kepemimpinan =850 ##$$a NBPNMAT =990 ##$$a 0001/BPAP-NTB/2016 =990 ##$$a 88908890 =990 ##$$a 01201708890 =990 ##$$a 0001/BPAP-NTB/2016